Trouve le manga avec une description nulle - Statistiques

Statistiques générales
  • Ce quiz a été pris 631 fois
  • Le résultat moyen est 21 sur 43
Statistiques - réponses
Description
Manga % Correct
Un sdf avec un chapeau de paille One Piece
99%
Un roux avec une épeé Bleach
87%
Il change la couleur de ses cheveux Dragon Ball
86%
Le maire de son village Naruto
84%
Un Dieu a fait tomber son cahier.. Death Note
83%
Séquestre sa sœur dans une boite Demon Slayer
82%
Un gars qui ressemble à une fille veut tuer un poulpe Assassination Classroom
80%
Fils d'un dragon Fairy Tail
80%
Il mange les doigts d'un gars pas très gentil.. Jujutsu Kaisen
80%
Il soigne les gens en pierre Dr Stone
76%
Son père est parti chercher du lait Hunter X Hunter
76%
Un Pokémon tronçonneuse est en lui Chainsaw Man
74%
Il maitrise pas son pouvoir au début My Hero Academia
73%
Il sort du feu de ses pieds.. Fire Force
70%
Un fou séquestre des gens pour former le meilleur joueur de foot Blue Lock
69%
Prison Break version orphelinat The Promised Neverland
68%
Il veut tuer les géants mais en fait non.. L'Attaque Des Titans
66%
2 frères perdent leur corps parce qu'ils sont irresponsables FullMetal Alchemist
65%
Un gars veut former une famille pour sa mission Spy X Family
60%
Il gueule tout le temps avec sa grosse épée Black Clover
59%
Un raté veut sauver une meuf en allant dans le passé Tokyo Revengers
58%
Ils exploitent des créatures pour qu'ils se battent Pokemon
55%
Trop de personnage en "J".. Jojo's Bizarre Adventure
54%
Il fait des flammes bleues Blue Exorcist
53%
Son père meurt criblé de flèches, alors vengeance ! Vinland Saga
51%
Devenir magicien sans magie juste pour son père Mashle
48%
Il perd ses cou*lles alors il veut les récupérer DanDaDan
36%
Il pense que la peinture c'est nul mais il devient accro Blue Period
29%
Il rentre dans l'arme de sa pote Soul Eater
29%
Il choisit un masque d'oiseau pour son personnage de jeu-vidéo Shangri La Frontier
28%
Il se fait caresser par une lapine Beastars
23%
La retraite veut pas de lui alors il fait son come-back Sakamoto Days
22%
Un bon à rien obtient le métier de ses rêves pour être aux côtés de sa pote Kaiju N°8
21%
Il est content qu'il y a une apocalypse de zombie Zom 100 Bucket List of The Dead
14%
Elle doit protéger des enfants de riches dans une maternelle Kindergarten Wars
8%
Il est accusé d'un meurtre et le voilà dans les abysses Gachiakuta
7%
Des coqs qui se battent contre des kaiju Rooster Fighter
4%
Ils annulent des règles Undead Unluck
4%
Gagner une course de voiture pour retourner au Japon Appare Ranman
2%
Un empoisonneur veut se marrier Marriage Toxin
2%
Un random et un robot sur une planète enneigée Snowball Earth
1%
Ils deviennent amnésiques après un accident The Ichinose Family Deadly SIns
1%
Il veut récupérer des gemmes pour les fusionner Kemono Incidents
0%
Aucun quiz correspondant
Distribution des résultats
% des personnes avec chaque résultat
Percentile par nombre de réponses
Votre historique - résultats
Vous n’avez pas pris ce quiz